000 01087nas a2200313 4500
001 BR2021000700
003 BR-BrBNA
005 20231205132240.0
007 ta
008 230509b bl.|||p| |||| 00| 00por d
040 _aBR-BrBNA
_bpor
_cBiblioteca Nacional de Agricultura
041 _a(Pt)
072 _aK10
100 1 _aSantos, J. de P. dos
100 1 _aSouza, C.R. de
100 1 _aSilva, M.A.P. da
100 1 _aSilva, J. de P.
100 1 _aBotelho, S.A.
245 1 _aEfetividade na restauração de florestas tropicais: como o desempenho diferencial das espécies e o contexto ecológico influenciam o estabelecimento e ocupação
650 _aFLORESTA
650 _aNUCLEAÇÃO
650 _aPLANTIO DIRETO
650 _aMUDA
650 _aFLORESTA AMAZÔNICA
773 0 _tNativa. Pesquisas Agrárias e Ambientais (Brazil)
_xISSN 2318-7670
_g(2021), v. 9(4) p. 442-453
_wBR2021000700
856 4 0 _uhttps://periodicoscientificos.ufmt.br/ojs/index.php/nativa/article/view/11783/9937
909 _a202311
_bLúcia
_c55
_dLúcia Elande
942 _2AGRIS
_n0
_cANA
999 _c259290
_d259290